Nevyhnutnosť prijatia zákona o sociálnom poistení - nevyhnutnosť prechodu od zabezpečenia k poisteniu

Nevyhnutnosť prijatia zákona o sociálnom poistení. Súčasti sociálneho poistenia a ich vzájomné väzby: nemocenské poistenie, dôchodkové poistenie, úrazové poistenie. Princípy základného sociálneho poistenia: univerzálnosť, obligatórnosť, rovnosť, zásluhovosť, sociálna solidarita.

Gespeichert in:
Bibliographische Detailangaben
1. Verfasser: Novotná, Eleonóra
Weitere Verfasser: Kasanická, Kornélia
Format: Buchkapitel
Sprache:Slowakisch
Schlagworte:
Tags: Tag hinzufügen
Keine Tags, Fügen Sie das erste Tag hinzu!

MARC

LEADER 00000naa a2200000 4500
001 r044945
005 20230925072812.1
041 0 |a slo 
044 |a SK 
245 1 0 |a Nevyhnutnosť prijatia zákona o sociálnom poistení - nevyhnutnosť prechodu od zabezpečenia k poisteniu  |c Eleonóra Novotná, Kornélia Kasanická 
520 |a Nevyhnutnosť prijatia zákona o sociálnom poistení. Súčasti sociálneho poistenia a ich vzájomné väzby: nemocenské poistenie, dôchodkové poistenie, úrazové poistenie. Princípy základného sociálneho poistenia: univerzálnosť, obligatórnosť, rovnosť, zásluhovosť, sociálna solidarita. 
610 2 0 |a poistenie sociálne 
610 2 0 |a zabezpečenie sociálne 
610 2 0 |a Slovensko 
610 2 0 |a poistenie dôchodkové 
610 2 0 |a poistenie nemocenské 
610 2 0 |a poistenie úrazové 
610 2 0 |a dávky poistenia nemocenského 
100 1 |a Novotná, Eleonóra 
700 1 |a Kasanická, Kornélia